00674nam a2200193Ia 450000500170000000800460001703700120006304000200007504100130009508400210010824500540012924500510018326000490023430000130028365000380029694200210033499900210035595201040037620250508151912.0008 250505s9999 xx 000 0 eng d aTextual aFEDLbengcFEDL aeng2eng a300.7, COMqFEDL 0aConclusions and recommendations of the commission 0cReport of the Commission on the Social Studies aNew York, USAbCharles Scribner's Sonsc1934 axi,168p. aSocial Science - Teaching9756799 cTEXLh300.7, COM c1332838d1332838 00104070aFEDLbFEDLd2025-05-08l0o300.7, COMpEL0014107r2025-05-08 15:19:12w2025-05-08yTEXL